000
00312nam a22001337a 4500
020
_a
9780764145063
040
_c
NUST
082
_a
745.6197 KES
100
_a
Kespersaks, Veiko
_9
111321
245
_a
Calligraphy In 24 Hrs
260
_a
London:
_b
Barron,s,
_c
2011.
650
_a
Calligraphy
942
_2
ddc
_c
BK
999
_c
594217
_d
594217